000 00814nam a2200265 i 4500
001 19370
003 ES-MaACL
005 20230906152100.0
007 t|
008 020723s1990 ag ||||1| spa d
020 _a950-694-118-1
080 _a321.6(091)
080 _a938.92
100 1 _aMassot, Vicente Gonzalo.
_978857
245 1 0 _aEsparta
_b: un ensayo sobre el totalitarismo antiguo /
_cVicente Gonzalo Massot.
250 _a1ª ed.
260 _aBuenos Aires :
_bGrupo Editor Latinoamericano,
_c[1990]
300 _a89 p. ;
_c20 cm.
490 1 _aEstudios políticos y sociales
650 1 4 _aTotalitarismo-
_vHistoria.
_917572
651 4 _aEsparta-
_xHistoria.
_98533
830 0 _aEstudios políticos y sociales
_9228882
852 _aES-MaACL
_jL-25762
_bR.131532
999 _c19370
_d19370